书目信息 |
| 题名: |
国际法学
|
|
| 作者: | 赵建文 主编 | |
| 分册: | ||
| 出版信息: | 郑州 郑州大学出版社 2004 |
|
| 页数: | 497页 | |
| 开本: | 24cm | |
| 丛书名: | ||
| 单 册: | ||
| 中图分类: | D990 | |
| 科图分类: | ||
| 主题词: | 国际法--法学--高等教育 | |
| 电子资源: | ||
| ISBN: | 7-81048-960-7 | |
| 000 | 00736nam0 2200229 45 | |
| 001 | 002743451 | |
| 005 | 20050508154210.2 | |
| 010 | @a7-81048-960-7@dCNY41.00 | |
| 100 | @a20040802d2004 em y0chiy0110 ea | |
| 101 | 0 | @achi |
| 102 | @aCN@b410000 | |
| 105 | @ay zn 001yy | |
| 200 | 1 | @a国际法学@Aguo ji fa xue@f赵建文主编@FZhao Jian Wen Zhu Bian |
| 210 | @a郑州@c郑州大学出版社@d2004 | |
| 215 | @a497页@d24cm | |
| 300 | @a河南省高等法学教育“十五”规划教材 | |
| 330 | @a本书论述了国际法的概念与性质、国际法的历史和学说、国家基本权利与义务、国际组织、国家领土与国际区域等内容。 | |
| 606 | 0 | @a国际法@x法学@x高等教育 |
| 690 | @aD990@v4 | |
| 701 | 0 | @a赵建文@4主编 |
| 801 | 0 | @aCN@bNLC@c20041117 |
| 905 | @f3@b353031-033@dD990@e49 | |
| 国际法学/赵建文主编.-郑州:郑州大学出版社,2004 |
| 497页;24cm |
| 河南省高等法学教育“十五”规划教材 |
| ISBN 7-81048-960-7:CNY41.00 |
| 本书论述了国际法的概念与性质、国际法的历史和学说、国家基本权利与义务、国际组织、国家领土与国际区域等内容。 |
| ● |
| 相关链接 |
|
|
|
|
正题名:国际法学
索取号:D990/49
 
预约/预借
| 序号 | 登录号 | 条形码 | 馆藏地/架位号 | 状态 | 备注 |
| 1 | 0353031 | 3530316 | 第一样本阅览室/ [索取号:D990/49] | 在馆 | |
| 2 | 0353032 | 3530325 | 第一借阅区/ [索取号:D990/49] | 在馆 | |
| 3 | 0353033 | 3530334 | 第一借阅区/ [索取号:D990/49] | 在馆 |